| 000 -ლიდერი |
| ფიქსირებული სიგრძის საკონტროლო ველი |
01915nam a2200253Ia 4500 |
| 001 - საკონტროლო ნომერი |
| საკონტროლო ველი |
20178 |
| 003 - საკონტროლო ნომრის იდენტიფიკატორი |
| საკონტროლო ველი |
GE_BSU |
| 005 - ბოლო ოპერაციის თარიღი და დრო |
| საკონტროლო ველი |
20250425113008.0 |
| 008 - ფიქსირებული სიგრძის მონაცემთა ელემენტები - ზოგადი ინფორმაცია |
| ფიქსირებული სიგრძის საკონტროლო ველი |
181216s2003||||ge |||||||||||||| ||geo|| |
| 040 ## - კატალოგიზაციის წყარო |
| Transcribing agency |
GE_BSU |
| 041 ## - ენის კოდი |
| Language code of text/sound track or separate title |
geo |
| 080 ## - უნივერსალური ათობითი კლასიფიკაციის ინდექსი |
| Universal Decimal Classification number |
51 წ-87 |
| 100 ## - მთავარი ჩანაწერი - პიროვნების სახელი |
| Personal name |
წულუკიძე, თამაზ |
| 9 (RLIN) |
5825 |
| 245 ## - ცნობა სათაურის შესახებ |
| Title |
ს.ა. რაჩინსკი ბოტანიკის პროფესორი და არითმეტიკის მასწავლებელი / |
| Statement of responsibility, etc |
თამაზ წულუკიძე, ვლადიმერ ხალვაში. |
| 264 ## - წარმოების, გამოცემის, დისტრიბუციის და სხვა ცნობები |
| გამოცემის, წარმოების, დისტრიბუციის... ადგილი |
ბათუმი : |
| გამოცემის, წარმოების, დისტრიბუციის... სახელწოდება |
გამ-ბა აჭარა, |
| გამოცემის, წარმოების, დისტრიბუციის... თარიღი |
2003. |
| 300 ## - ფიზიკური აღწერა |
| Extent |
350 გვ. ; |
| Dimensions |
20 სმ. |
| 500 ## - ზოგადი შენიშვნა |
| General note |
წიგნში განკუთვნილია 5-11 კლასების მოსწავლებიასთვის,სტუდენტებისათვის,მათემატიკის მასწავლებელთათვის და საერთოდ ყველასათვის,ვისაც მათემატიკა აინტერესებს |
| 520 ## - SUMMARY, ETC. |
| Summary, etc |
წიგნში განკუთვნილია 5-11 კლასების მოსწავლებიასთვის,სტუდენტებისათვის,მათემატიკის მასწავლებელთათვის და საერთოდ ყველასათვის,ვისაც მათემატიკა აინტერესებს. |
| 653 ## - INDEX TERM--UNCONTROLLED |
| Uncontrolled term |
მათემატიკა |
| 653 ## - INDEX TERM--UNCONTROLLED |
| Uncontrolled term |
ს.ა. რაჩინსკი ბოტანიკის პეოფესორი და არითმეტიკის მასწავლებელი |
| 700 ## - ADDED ENTRY--PERSONAL NAME |
| Personal name |
ხალვაში, ვლადიმერ |
| 9 (RLIN) |
5826 |
| 942 ## - ADDED ENTRY ELEMENTS (KOHA) |
| Koha item type |
წიგნი |
| Source of classification or shelving scheme |
|